书目信息 |
| 题名: |
商务英语阅读教程
|
|
| 作者: | 时秀梅 , 孙宇 主编 | |
| 分册: | ||
| 出版信息: | 北京 经济管理出版社 2016 |
|
| 页数: | 205页 | |
| 开本: | 26cm | |
| 丛书名: | ||
| 单 册: | ||
| 中图分类: | F7 | |
| 科图分类: | ||
| 主题词: | 商务--英语--阅读教学--高等学校--教材 | |
| 电子资源: | ||
| ISBN: | 978-7-5096-4133-0 | |
| 000 | 01439nam0 2200265 450 | |
| 001 | 012001002759 | |
| 005 | 20140926114740.0 | |
| 010 | @a978-7-5096-4133-0@dCNY39.00 | |
| 100 | @a20160420d2016 em y0chiy50 ea | |
| 101 | 0 | @achi@aeng |
| 102 | @aCN@b110000 | |
| 105 | @ay z 000yy | |
| 106 | @ar | |
| 200 | 1 | @a商务英语阅读教程@9shang wu ying yu yue du jiao cheng@b专著@e国际组织机构@dCourse of business English@ethe international organizations@f时秀梅,孙宇主编@zeng |
| 210 | @a北京@c经济管理出版社@d2016 | |
| 215 | @a205页@d26cm | |
| 300 | @a“十二五”高等院校商务英语专业精品教材 大连外国语大学出版基金资助 | |
| 330 | @a本书全面、系统地介绍了国际性和区域性机构组织的宗旨、职能、作用、特点及运作流程,从相关文献及大量的参考资料中选取了40个国际及区域性机构与组织,方便商务英语专业本科生专业知识学习之用。本教材适合高等院校商务英语专业教学使用,主要是针对开设双语课程教学的学校,也可供各类大专院校或高职院校及广大金融专业人员学习专业英语提高涉外业务能力使用,亦可作为国际贸易、国际商务、财务管理、企业管理等非金融专业的高等教育的教材,同时,还可作为金融领域从事跨国公司业务人士、外贸企业的管理人员和业务人员提高语言能力的培训教材。 | |
| 510 | 1 | @aCourse of business English@ethe international organizations@zeng |
| 606 | 0 | @a商务@x英语@x阅读教学@x高等学校@j教材 |
| 690 | @aF7@v5 | |
| 701 | 0 | @a时秀梅@9shi xiu mei@4主编 |
| 701 | 0 | @a孙宇@9sun yu@4主编 |
| 801 | 0 | @aCN@b上海新华@c20180901 |
| 905 | @b1158579-83@dF7@e1059@f5 | |
| 商务英语阅读教程:国际组织机构=Course of business English:the international organizations/时秀梅,孙宇主编.-北京:经济管理出版社,2016 |
| 205页;26cm |
| “十二五”高等院校商务英语专业精品教材 大连外国语大学出版基金资助 |
| ISBN 978-7-5096-4133-0:CNY39.00 |
| 本书全面、系统地介绍了国际性和区域性机构组织的宗旨、职能、作用、特点及运作流程,从相关文献及大量的参考资料中选取了40个国际及区域性机构与组织,方便商务英语专业本科生专业知识学习之用。本教材适合高等院校商务英语专业教学使用,主要是针对开设双语课程教学的学校,也可供各类大专院校或高职院校及广大金融专业人员学习专业英语提高涉外业务能力使用,亦可作为国际贸易、国际商务、财务管理、企业管理等非金融专业的高等教育的教材,同时,还可作为金融领域从事跨国公司业务人士、外贸企业的管理人员和业务人员提高语言能力的培训教材。 |
| ● |
| 相关链接 |
|
|
|
|
正题名:商务英语阅读教程
索取号:F7/1059
 
预约/预借
| 序号 | 登录号 | 条形码 | 馆藏地/架位号 | 状态 | 备注 |
| 1 | 1158579 | 211585792 | 第一样本阅览室/ [索取号:F7/1059] | 在馆 | |
| 2 | 1158580 | 211585809 | 第一借阅区/ [索取号:F7/1059] | 在馆 | |
| 3 | 1158581 | 211585818 | 第一借阅区/ [索取号:F7/1059] | 在馆 | |
| 4 | 1158582 | 211585827 | 密集书库-海洋学院/ [索取号:F7/1059] | 在馆 | |
| 5 | 1158583 | 211585836 | 第一借阅区/ [索取号:F7/1059] | 在馆 |